000
00325nam a2200145Ia 4500
003
OSt
008
191201s2013 xx 000 0 und d
100
_a
JAGADEESH, TR
245
0
_a
Design of Bridges Structures
250
_a
10th
260
_a
N. Delhi
_b
PHI
_c
2013
300
_a
342
650
_a
B.Tech(CE)
942
_2
ddc
_c
BK
999
_c
5868
_d
5868